Statistics for Jeopardy #8577

Click here to take the quiz!

General Stats

  • This quiz has been taken 26 times
  • The average score is 13 of 61

Answer Stats

CategoryCashClueAnswer% Correct
IT'S THE ONLY VOWEL$400...In where you're said to "start from" when you begin a new projectA
94%
EDIBLE ETYMOLOGY$600In England, it's a cookie & in the U.S. it's a roll, but either way, it's from Old French for "twice baked"a biscuit
61%
TONY-WINNING MUSICALS BY SONG$4001977: "You Won't Be An Orphan for Long"Annie
61%
6-LETTER VERBS$200It's paired with "forgive" in an idiom meaning you should pretend past wrongs never happenedforget
61%
IT'S THE ONLY VOWEL$800...In the word that follows "any" when it precedes "in a storm"O
56%
EDIBLE ETYMOLOGY$800Denoting its traditional preparation, gravlax is from Swedish words meaning "trench" & this fishsalmon
56%
OH, THE THINGS I'VE DONE$200The very first czar, in 1565 I formed the Oprichnina to deal with traitors as I wished (& my wishes were kinda super-harsh)Ivan the Terrible
50%
INTERNATIONAL PRISONS$200Anne Boleyn is said to haunt this prison & castle begun by William the Conqueror in 1066the Tower of London
50%
TONY-WINNING MUSICALS BY SONG$2001980: "Peron's Latest Flame"Evita
44%
6-LETTER VERBS$400This word with a double letter pair in the middle can mean to bubble just below boiling or to seethe with inner turmoilsimmer
44%
EDIBLE ETYMOLOGY$1000The name of this style of slow-roasted, seasoned chicken of Jamaica comes from the Quechua for "dried meat"jerk chicken
39%
IT'S THE ONLY VOWEL$1200...In a word that precedes "force trauma" if you are in a car accident or get punchedU
39%
INTERNATIONAL PRISONS$600Russia's Petak Island Prison in the middle of a lake is often compared to this Calif. lockup that started in 1861 as a military prisonAlcatraz
33%
OH, THE THINGS I'VE DONE$1000Around 342 B.C. I got the call from Philip II of Macedonia to tutor his 13-year-old kid, Al; well, that's just greatAristotle
33%
A CHAPTER OF IT BEGINS...$600"When I reached home, my sister was very curious to know all about Miss Havisham's, and asked a number of questions"Great Expectations
33%
OH, THE THINGS I'VE DONE$400In 1931 i took an autogiro up to a record 18,415 feet; oh yeah, I wed George Putnam that year too, so y'know... busyAmelia Earhart
28%
EDIBLE ETYMOLOGY$200Stop by the salad bar for this, from "kool", the Dutch word for cabbagecoleslaw
28%
THE 50 STATES$400This state has dozens of mountain peaks that exceed 14,000 feet, including Yale, Princeton &, of course, Pikes PeakColorado
28%
THE 50 STATES$2000Rhodonite is its state gem & Roxbury Puddingstone, its state rockMassachusetts
28%
INTERNATIONAL PRISONS$800Vietnam's Hoa Lo Prison was known by this infamous nickname when it held captured U.S. pilots like James Stockdalethe Hanoi Hilton
28%
INTERNATIONAL PRISONS$400A synonym for labyrinth, this prison in Northern Ireland held IRA prisoners like Bobby Sands until it closed in 2000the Maze
28%
A CHAPTER OF IT BEGINS...$800"My dearest Lucy, --forgive my long delay in writing, but I have been simply overwhelmed with work... your loving Mina"Dracula
22%
THE 50 STATES$800In 2021, this state raised a new flag, doing away with the Confederate battle emblem, & adding a magnoliaMississippi
22%
THE 50 STATES$1600The Blackfeet Reservation on the eastern edge of Glacier Natl. Park is one of 7 Indian reservations found in this stateMontana
22%
THE HUMAN BODY$400It's another name for the kneecappatella
22%
TONY-WINNING MUSICALS BY SONG$6001952: "March Of The Siamese Children"The King and I
22%
6-LETTER VERBS$1000To remove a stock from the roster of securities traded on an exchangedelist
17%
TONY-WINNING MUSICALS BY SONG$8001965: "Sabbath Prayer"Fiddler on the Roof
17%
WHO WAS THAT MASCARA-ED MAN?$800A Monty Python skit finds Terry Jones as a waitress repeatedly screeching the name of this Hormel meat productSpam
17%
TONY-WINNING MUSICALS BY SONG$10001995: "Every Movie's A Circus", along with "As If We Never Said Goodbye"Sunset Boulevard
17%
FROM THE OLD TOOL SHED$2000Seen here is an engraving showing one of these tools that turns wooda lathe
11%
FROM THE OLD TOOL SHED$1600This 3-letter hole-poking tool can be used on hides or leather; Africa's Blombos Cave has Stone Age onesan awl
11%
A CHAPTER OF IT BEGINS...$400"Vronsky had never had a real home life... his father he scarcely remembered"Anna Karenina
11%
FROM THE OLD TOOL SHED$1200A symbol of the Grim Reaper, this long-handled farming tool had its "hay" -day mowing down hay until around the 1850sa scythe
11%
6-LETTER VERBS$600This word meaning "to interfere" comes from the Latin for "foot"impede
11%
OH, THE THINGS I'VE DONE$600In June 1791, I tried to escape captivity, fleeing Paris in a regular-guy hat; unfortunately, people tend to recognize the kindKing Louis XVI
11%
A CHAPTER OF IT BEGINS...$1000"At this epoch, Marius was twenty years of age. It was three years since he had left his grandfather"Les Misérables
11%
THE 50 STATES$1200In the 1860s this state got the first professional baseball team, the Red StockingsOhio
11%
WHO WAS THAT MASCARA-ED MAN?$400In a 1993 film this actor asks Harvey Fierstein, playing his makeup artist brother, "Could you make me a woman?"Robin Williams
11%
THE HUMAN BODY$800Its central ridge is called the Adam's applethe larynx
11%
IT'S THE ONLY VOWEL$1600...In a clear or yellowish fluid that helps remove bacteria from body tissuesY
11%
FROM THE OLD TOOL SHED$400First made from bone & animal horn, eyed versions of this tool made from iron popped up in the Low Countries in the 15th centurya needle
6%
WHO WAS THAT MASCARA-ED MAN?$1600He got an Oscar nomination for playing soap star Dorothy MichaelsDustin Hoffman
6%
IT'S THE ONLY VOWEL$2000...In the 2 title words of a Shakespeare comedy where we meet Sir Andrew Aguecheek (2 different vowels)E, I
6%
20th CENTURY AUTHORSN/AEarly in his career he worked for a newspaper whose style guide said, "use short sentences" & "use vigorous English"(Ernest) Hemingway
6%
OH, THE THINGS I'VE DONE$800Czech-born, in 1997 I was confirmed by the Senate to be Secretary of State, 99-0. Think that'd happen today?Madeleine Albright
6%
THE HUMAN BODY$1600This hormone first isolated in 1958 plays an important role in regulating sleepmelatonin
6%
INTERNATIONAL PRISONS$1000This German prison that housed Nazi war criminals was demolished after the death of Rudolf Hess, its last inmateSpandau Prison
6%
U.N. RESOLUTIONS$1200A 1961 General Assembly resolution started the WFP, this anti-hunger "programme" that won the 2020 Nobel Peace Prizethe World Food Programme
6%
FROM THE OLD TOOL SHED$800Here's sculptor Antoine Coysevox holding this tool that he put to good use while at Versaillesa chisel
0%
EDIBLE ETYMOLOGY$400This fruit's name comes from the Latin "praecoquum", meaning "early to ripen"an apricot
0%
WHO WAS THAT MASCARA-ED MAN?$1200As Tobias Fünke on "Arrested Development", this actor took on an alter ego as cheery maid Mrs. Featherbottom(David) Cross
0%
U.N. RESOLUTIONS$400The General Assembly's first resolution, from Jan. 1946, set up a commission on problems raised by discovery of thisdiscovery of atomic energy (the nuclear age)
0%
U.N. RESOLUTIONS$1600In October 1956 the Security Council unanimously approved a complaint by Great Britain & France against this countryEgypt
0%
WHO WAS THAT MASCARA-ED MAN?$2000In a 1959 comedy these 2 actors donned dresses as members of Sweet Sue's all-girl orchestraLemmon & Curtis
0%
THE HUMAN BODY$2000Bilirubin, a pigment of bile, is the result of the breakdown of these cellsred blood cells
0%
U.N. RESOLUTIONS$800Issued on this date, Security Council resolution 1368 was on "threats to international peace and security caused by terrorist acts"September 12, 2001
0%
U.N. RESOLUTIONS$2000In 2019 the General Assembly resolved to explore ways to save this shrinking Asian "sea" that was once the world's 4th-largest lakethe Aral Sea
0%
A CHAPTER OF IT BEGINS...$200"During the summer the packing houses were in full activity again, and Jurgis made more money"The Jungle
0%
THE HUMAN BODY$12002-word term for the group of nerves behind the stomachthe solar plexus
0%
6-LETTER VERBS$800Disinter is another word for this action of digging something out of the groundto exhume
0%

Score Distribution

Percentile by Number Answered

Percent of People with Each Score

Your Score History

You have not taken this quiz